Principios de hacienda pública (Registro nro. 5536)

Detalles MARC
000 -LEADER
fixed length control field 02289 a2200229 4500
001 - CONTROL NUMBER
control field 54376
005 - DATE AND TIME OF LATEST TRANSACTION
control field 20260407155816.0
008 - FIXED-LENGTH DATA ELEMENTS--GENERAL INFORMATION
fixed length control field 260407a1958 arg spa d
003 - CONTROL NUMBER IDENTIFIER
control field AR-UNSa-BCEJYS
040 ## - CATALOGING SOURCE
Original cataloging agency AR-UNSa-BCEJYS
Language of cataloging spa
Transcribing agency AR-UNSa-BCEJYS
080 ## - UNIVERSAL DECIMAL CLASSIFICATION NUMBER
Universal Decimal Classification number 351
Common auxiliary subdivision Funciones propias de la administración pública <br/>
100 1# - MAIN ENTRY--PERSONAL NAME
Personal name Einaudi, Luigi
245 10 - TITLE STATEMENT
Title Principios de hacienda pública
250 ## - EDITION STATEMENT
Edition statement 5a.ed.
264 #1 - PRODUCTION, PUBLICATION, DISTRIBUTION, MANUFACTURE, AND COPYRIGHT NOTICE
Place of production, publication, distribution, manufacture Madrid :
Name of producer, publisher, distributor, manufacturer Aguilar
Date of production, publication, distribution, manufacture, or copyright notice 1958
300 ## - PHYSICAL DESCRIPTION
Extent 504 p.
Dimensions 22 cm.
505 ## - FORMATTED CONTENTS NOTE
Formatted contents note Primera parte: Los ingresos no derivados del impuesto - I. De los precios cuasi-privados - II. De los precios públicos - III. Los precios políticos - IV. Las contribuciones - Segunda parte: Teoría general del impuesto - I. El problema de la repartición de los gastos públicos indivisibles.Características de los servicios públicos propios o técnicos,económicos y políticos - II. Dificultad de la repartición del coste de los servicios públicos por medio del impuesto - III. Los principios del sacrificio igual,proporcional y mínimo en la repartición del impuesto - IV. Principales tipos históricos de repartición de los impuestos - V. El sistema de distribución real de los impuestos - VI. El sistema de distribución nacional de los impuestos - VII. La reducción del objeto imponible a unidades homogéneas - VIII. Imposición de las superrentas y de las rentas ordinarias - IX. La exención de las primas de seguros sobre la vida y la de las reservas - X. La imposición sobre el consumo - XI. Efectos de los impuestos - XII. La determinación de la materia imponible - Tercera parte: La hacienda extraordinaria y la deuda pública - I. Gastos e ingresos extraordinarios de los entes públicos - II. Excedentes,economías,tesoros de guerra y enajenaciones patrimoniales - III. Impuestos estraordinarios y deuda pública - IV. Las formas provisionales de la deuda pública - V. Las formas permanentes de deuda pública - VI. De algunos problemas especiales de los empréstitos públicos - VII. La amortización de los empréstitos públicos - VIII. Del repudio de los empréstitos públicos - IX. De la conversión de los empréstitos públicos
590 ## - LOCAL NOTE (RLIN)
Local note niveau_biblio:m niveau_hierar:0
700 1# - ADDED ENTRY--PERSONAL NAME
Personal name Algarra, Jaime
700 1# - ADDED ENTRY--PERSONAL NAME
Personal name Paredes, Miguel
942 ## - ADDED ENTRY ELEMENTS (KOHA)
Koha item type
Existencias
Withdrawn status Lost status Damaged status Not for loan Home library Current library Shelving location Date acquired Total checkouts Full call number Barcode Date last seen Price effective from Koha item type
        Biblioteca Prof. Eusebio Cleto del Rey Biblioteca Prof. Eusebio Cleto del Rey   07/04/2026   351 E35 L20212 07/04/2026 07/04/2026 Libro
        Biblioteca Prof. Eusebio Cleto del Rey Biblioteca Prof. Eusebio Cleto del Rey   07/04/2026   351 E35 L20059 07/04/2026 07/04/2026 Libro